| 000 | 00648nam a2200241Ia 4500 | ||
|---|---|---|---|
| 008 | 160803s9999 xx 000 0 und d | ||
| 020 | _a9780590450157 | ||
| 100 | _aMarzollo, Jean | ||
| 245 | _aMy first book of biographies : | ||
| 245 | _cby Jean Marzollo ; illustrated by Irene Trivas. | ||
| 260 | _aNew York : | ||
| 260 | _bScholastic Inc. | ||
| 260 | _c1994 | ||
| 300 | _a79 pages : | ||
| 300 | _bcolor illustrations ; | ||
| 300 | _c27 cm. | ||
| 440 | _aCartwheel learning bookshelf. | ||
| 500 | _a"Cartwheel books." | ||
| 650 | _aBiography -- | ||
| 650 | _aBiography. | ||
| 650 | _xJuvenile literature. | ||
| 700 | _a780 | ||
| 999 |
_c298140 _d298140 |
||